000
00317nam a22001217a 4500
008
230629b xxu||||| |||| 00| 0 eng d
082
_a
333.913
_b
GIB
100
_c
Sir Alexander Gibb and Partners
245
_a
Kenya Nile Basin Water Resources Survey
260
_a
Kenya
_b
GOK
_c
1956
300
_a
134p
942
_2
ddc
_c
BK
999
_c
2962
_d
2962